Responses for Show #6263 - Wednesday, December 7, 2011

Contestants

[<< previous game]

Jennifer Bernstein, a social worker from St. Louis, Missouri

Tony Hightower, an event planner from Astoria, New York

Julia Kozicki, an attorney from Noblesville, Indiana (whose 1-day cash winnings total $28,401)

[next game >>]

Jeopardy! Round responses

I'M ON STRIKE
LET ME CALL YOUR ATTENTION...
TIME FOR A CHANGE
"HALF" BAKED
HEADS IN THE HEAVENS
ONE-WORD TV CLUES
(Alex: You have to name the show most associated with that word.)
    $200 26
Poland

Jennifer
    $200 11
bold

Tony
    $200 21
Golda Meir

Tony
    $200 6
half shell

Jennifer
    $200 16
Medusa

Tony
    $200 1
Star Trek

Tony
    $1,000 27
(Jennifer: Who are dockworkers?)

the police

Jennifer
    $400 12
a Hi-Liter

Tony
    $400 22
the twist

Julia
    $400 7
the half-dollar

Tony
    $400 17
Orion

Tony
    $400 2
Seinfeld

Jennifer
    $600 28
Verizon

Julia
    $600 13
the foreground

Julia
    $600 23
the NCAA

Jennifer
    $600 8
a halfback

Jennifer
    $600 18
Castor & Pollux

Tony
    $600 3
Monty Python's Flying Circus

Tony
    $800 29
(Jennifer: What are farm workers?)
(Alex: Be more specific.)

United Farm Workers

Jennifer
    $800 14
emphasis

Tony
    $800 24
(Tony: What is a [*]?)

Datsun

Tony
    $800 9
flying it at half-staff

Tony
    $800 19
Aries

Julia
    $800 4
The Price Is Right

Tony
    $1000 30
the Pullman strike

Triple Stumper
    $1000 15
(Julia: Who is Zacchaeus?)

Saint Matthew

Julia
Triple Stumper
    $1000 25
(Thomas) Dewey

Jennifer
    $1000 10
a halfway house

Tony
    $1000 20
Pegasus

Julia
    $1000 5
The Big Bang Theory

Jennifer

Scores at the first commercial break (after clue 15):

Julia Tony Jennifer
-$400 $5,200 $2,200

Scores at the end of the Jeopardy! Round:

Julia Tony Jennifer
$2,400 $7,400 $3,800

Double Jeopardy! Round responses

CLUE: THE SHAKESPEARE VERSION
EYE TUNES
DON'T GO IN THE WATER
OBSTACLE COURSES
URBAN DICTIONARY LINGO
IT'S A "MAD" WORLD
    $400 13
Brutus

Julia
    $400 5
"Eye Of The Tiger"

Tony
    $400 1
(Alex: With the first clue, I'm going to read it, but here's a clip from the Animal Planet series called River Monsters.)

a piranha

Tony
    $400 26
the Berlin Wall

Jennifer
    $400 10
air conditioning (or temperature)

Julia
    $400 21
Madison

Jennifer
    $800 14
Desdemona

Julia
    $800 6
"Bette Davis Eyes"

Tony
    $800 2
(Julia: What's a hedgehog?)

a porcupinefish

Julia
Triple Stumper
    $800 27
Fences

Tony
    $800 3
an edgehog

Tony
    $800 22
Madrid

Tony
    $5,000 15
Polonius

Julia
    $1200 7
Kelly Clarkson

Jennifer
    $1200 18
crustaceans

Jennifer
    $1200 28
(Julia: What's Russia?)
[The end-of-round signal sounds.]

India

Julia
Triple Stumper
    $1200 4
Tom Cruise

Jennifer
    $1200 23
Madagascar

Tony
    $1600 16
(Tony: Who is Duncan?)

Macduff

JuliaTony
    $1600 8
(Jennifer: What is "(I've Had) The Time Of My Life"?)

"Hungry Eyes"

JuliaJennifer
    $1600 19
(Julia: What's a stingray?)

a monkfish

Julia
Triple Stumper
    $1600 11
(Alex: [Laughing, in observance of Tony's shaved-bald head] I'm not saying anything!)
(Tony: You don't have to say it, I already know.)

a haircut

Tony
    $3,000 24
(Tony: Oh, jeez. Um... what is... Majorca?)
...
(Alex: See, you're an expert in cocktails, not wine.)
[Laughter]
(Alex: Less than a minute to go now, Tony.)
(Tony: My bad!)

Madeira

Tony
    $2000 17
(Julia: Who is Paris?)
...
(Alex: [To Tony] And with that, you regain the lead by a margin of $400. You've reversed the situation that we had just one minute ago. Select.)
(Tony: Crazy, isn't it!)
[Laughter]

Tybalt

JuliaTony
    $2000 9
Foreigner

Jennifer
    $2000 20
(Alex: Scary looking, isn't it?)

a viperfish

Triple Stumper
    $2000 12
missing out

Julia
    $2000 25
(Julia: What's a [*]?)
(Alex: Yes, Îles de la [*].)

Madeleine

Julia

Scores at the end of the Double Jeopardy! Round:

Julia Tony Jennifer
$10,600 $11,600 $8,600

[wagering suggestions for these scores]

Final Jeopardy! Round responses

SPORTING EVENTS
JenniferWhat is the Chess World Championship?
$8,599
JuliaWhat is the Wimble U S Open?
$10,000
TonyWhat is Wimbledon?
$9,700
Wimbledon (the men's singles championship)

Final scores:

Julia Tony Jennifer
$600 $21,300 $1
2nd place: $2,000 New champion: $21,300 3rd place: $1,000

Game dynamics:

Coryat scores:

Julia Tony Jennifer
$6,800 $14,600 $9,600
13 R
(including 1 DD),
5 W
23 R,
2 W
(including 1 DD)
14 R,
2 W
(including 1 DD)

Combined Coryat: $31,000

[game clues] [game scores] [suggest correction]

Game tape date: 2011-10-12
The J! Archive is created by fans, for fans. Scraping, republication, monetization, and malicious use prohibited; this site may use cookies and collect identifying information. See terms. The Jeopardy! game show and all elements thereof, including but not limited to copyright and trademark thereto, are the property of Jeopardy Productions, Inc. and are protected under law. This website is not affiliated with, sponsored by, or operated by Jeopardy Productions, Inc. Join the discussion at JBoard.tv.